MAASAI MARA UNIVERSITY

LIBRARY CATALOGUE

Contact Us: +254 020 2685356/7 or 0774 057787

Box: 861-20500, NAROK, KENYA

Email: info@mmarau.ac.ke

_The security Demographic population and civil conflict after the cold war richard p. cincotta (Record no. 14210)

MARC details
000 -LEADER
fixed length control field 00475nam a2200145Ia 4500
008 - FIXED-LENGTH DATA ELEMENTS--GENERAL INFORMATION
fixed length control field 151021s9999 xx 000 0 und d
020 ## - INTERNATIONAL STANDARD BOOK NUMBER
International Standard Book Number 889735485
050 ## - LIBRARY OF CONGRESS CALL NUMBER
Classification number HB887. C59 2003
245 ## - TITLE STATEMENT
Title _The security Demographic population and civil conflict after the cold war richard p. cincotta
260 ## - PUBLICATION, DISTRIBUTION, ETC. (IMPRINT)
Place of publication, distribution, etc. Washigton population action international 2003
300 ## - PHYSICAL DESCRIPTION
Extent 101p.;ill
650 ## - SUBJECT ADDED ENTRY--TOPICAL TERM
Topical term or geographic name as entry element _population
700 ## - ADDED ENTRY--PERSONAL NAME
Personal name _engelman robert
980 ## - EQUIVALENCE OR CROSS-REFERENCE-SERIES STATEMENT--PERSONAL NAME/TITLE [LOCAL, CANADA]
Personal name ^d20130617 04:09:47^oanne

No items available.

© 2016 Maasai Mara University.